LEADER 02197nam a2200385 u 4500 001 000000016278 003 CaOOAMICUS 005 20070226105956.0 008 940517s1993 it h u000 u ita u 020 $a88-343-0545-0 035 $a10381909 040 $aPUL(R)$bita 100 0 $aPorphyrius Tyrius,$d232/233-305?.$0(OLS)http://pul/name/7019 245 10$aCommentario al "Parmenide" di Platone /$cPorfirio ; saggio introduttivo, testo con apparati critici e note di commento a cura di Pierre Hadot ; presentazione di Giovanni Reale ; traduzione e bibliografia di Giuseppe Girgenti. 260 $a[Milano] :$bVita e pensiero,$c[c1993] 300 $a161 p. :$bfacs. ;$c23 cm 490 1 $aPubblicazioni del Centro di ricerche di metafisica.$aCollana Temi metafisici e problemi del pensiero antico ;$v22 500 $aTesto greco con traduzione italiana a fronte. 504 $a"Bibliografia e indici": p. [149]-161. 600 04$aPlato,$d427-347 a.C.$tParmenides$xCritica e interpretazione.$0(OLS)http://pul/subject/4237 700 1 $aHadot, Pierre,$d1922-2010.$0(OLS)http://pul/name/11446 700 1 $aGirgenti, Giuseppe.$0(OLS)http://pul/name/14005 700 1 $aReale, Giovanni,$d1931-2014.$0(OLS)http://pul/name/667 710 2 $aUniversitā cattolica del Sacro Cuore. Sede di Milano.$bCentro di ricerche di metafisica.$0(OLS)http://pul/name/668 830 0$aPubblicazioni del Centro di ricerche di metafisica.$pCollana Temi metafisici e problemi del pensiero antico ;$v22.$0(OLS)http://pul/title/828 850 $aPUL 852 $aPUL$W1$xSL Filosofia 2$y80$mPhil A10b 22$j22932$nBK-PRI$b $qStampati altre collocazioni$B22932$CPULBib$Z2$F22932 $H $81 900 $aPorfirio di Tiro,$dc. 234-c. 305$97019 900 $aPorphyrios,$cdetto il Fenicio,$dc. 234-c. 305$97019 900 $aPorphyrius,$cdetto il Fenicio,$dc. 234-c. 305$97019 900 $aPorphyrius Tyrius,$dc. 234-c. 305$97019 941 1 $a10 996 $6020$a88-343-0545-0$9(OLS)http://pul/number/20804 996 $6245$aCommentario al "Parmenide" di Platone$9(OLS)http://pul/title/23244 996 $6260$a[Milano] :$bVita e pensiero$9(OLS)http://pul/publisher/49109 LEADER 01371nam a2200313 u 4500 001 000000076037 003 CaOOAMICUS 005 20070226123151.0 008 031104s2002 it u000 u ita u 020 $a8845916871 035 $a10974848 040 $aPUL$bita 041 1 $aita$hger 100 1 $aHeidegger, Martin,$d1889-1976.$0(OLS)http://pul/name/5737 240 10$aBremer und Freiburger Vorträge.$lItaliano.$0(OLS)http://pul/title/99728 245 10$aConferenze di Brema e Friburgo /$cMartin Heidegger ; a cura di Petra Jaeger ; edizione italiana a cura di Franco Volpi ; traduzione di Giovanni Gurisatti. 260 $aMilano :$bAdelphi,$c2002. 300 $a226 p. ;$c21 cm 490 1 $aBiblioteca filosofica Adelphi ;$v21 504 $aBibliografia in nota. 700 1 $aVolpi, Franco,$d1952-2009.$0(OLS)http://pul/name/10350 700 1 $aJaeger, Petra.$0(OLS)http://pul/name/39934 830 0$aBiblioteca filosofica (Adelphi) ;$v21.$0(OLS)http://pul/title/23300 850 $aPUL 852 $aPUL$W1$xSL Filosofia 1$y2$m86 L 62$j97712$nBK-PRI$b $qStampati$B97712$CPULBib$Z2$F97712 $H92603 $81 941 1 $a8 996 $6020$a8845916871$9(OLS)http://pul/number/99575 996 $6245$aConferenze di Brema e Friburgo$9(OLS)http://pul/title/99729 996 $6260$aMilano :$bAdelphi$9(OLS)http://pul/publisher/51018